2025全球最具价值城市100强 - Statistics

General Stats
  • This quiz has been taken 78 times
  • The average score is 52 of 100
Answer Stats
排名 国家 城市 % Correct
1 纽约
100%
2 伦敦
100%
3 巴黎
100%
4 东京
100%
5 香港
93%
7 上海
91%
8 北京
91%
6 新加坡
89%
12 首尔
84%
9 洛杉矶
82%
13 多伦多
82%
14 悉尼
82%
29 深圳
78%
19 墨尔本
76%
10 芝加哥
75%
11 旧金山
73%
18 马德里
73%
32 广州
73%
17 布鲁塞尔
71%
23 柏林
71%
15 阿姆斯特丹
69%
21 苏黎世
69%
22 斯德哥尔摩
69%
25 莫斯科
69%
27 伊斯坦布尔
69%
31 慕尼黑
67%
36 布宜诺斯艾利斯
67%
24 华盛顿
65%
33 米兰
65%
40 里斯本
65%
50 杭州
65%
35 圣保罗
64%
39 巴塞罗那
64%
49 大阪
64%
16 法兰克福
62%
20 维也纳
62%
26 墨西哥城
62%
43 曼谷
62%
51 孟买
62%
42 罗马
60%
46 吉隆坡
60%
52 利雅得
60%
61 成都
60%
28 迪拜
56%
34 都柏林
56%
37 蒙特利尔
56%
44 哥本哈根
56%
57 温哥华
56%
45 布拉格
55%
65 赫尔辛基
55%
53 多哈
53%
56 台北
53%
68 新德里
53%
75 武汉
53%
30 波士顿
51%
64 奥斯陆
51%
71 南京
51%
54 华沙
49%
66 日内瓦
49%
74 里约热内卢
47%
69 雅典
45%
60 雅加达
44%
38 迈阿密
42%
55 圣地亚哥
42%
67 卢森堡
40%
72 约翰内斯堡
40%
70 波哥大
38%
80 里昂
38%
81 名古屋
38%
83 重庆
38%
62 布达佩斯
36%
63 阿布扎比
36%
78 汉堡
36%
82 天津
36%
91 胡志明市
36%
76 班加罗尔
35%
77 布里斯班
35%
92 开普敦
35%
47 亚特兰大
31%
87 苏州
29%
58 西雅图
27%
85 爱丁堡
27%
73 利马
25%
90 马尼拉
25%
41 休斯敦
24%
48 达拉斯
24%
89 开罗
24%
96 曼彻斯特
24%
97 青岛
24%
100 特拉维夫
24%
59 费城
22%
93 内罗毕
22%
88 杜塞尔多夫
13%
94 卡萨布兰卡
11%
99 斯图加特
7%
84 圣迭戈
5%
86 明尼阿波利斯
5%
98 菲尼克斯
5%
79 丹佛
4%
95 圣何塞
2%
No matching quizzes found
Score Distribution
Percent of People with Each Score
Percentile by Number Answered
Your Score History
You have not taken this quiz